Iron and social change in early India (Record no. 178)

MARC details
000 -LEADER
fixed length control field 00594cam a2200205ua 4500
008 - FIXED-LENGTH DATA ELEMENTS--GENERAL INFORMATION
fixed length control field 110324n ii |||gr||||Z||||||eng
020 ## - INTERNATIONAL STANDARD BOOK NUMBER
International Standard Book Number 978-0-19-566711-0
020 ## - INTERNATIONAL STANDARD BOOK NUMBER
International Standard Book Number 0-19-566711-5
040 ## - CATALOGING SOURCE
Transcribing agency MAIN
082 ## - DEWEY DECIMAL CLASSIFICATION NUMBER
Classification number 303.4
245 1# - TITLE STATEMENT
Title Iron and social change in early India
Statement of responsibility, etc. ed. by Bhairabi Prasad Sahu
250 ## - EDITION STATEMENT
Edition statement 1st /
Remainder of edition statement ed. by Bhairabi Prasad Sahu.
260 ## - PUBLICATION, DISTRIBUTION, ETC.
Place of publication, distribution, etc. New Delhi:
Name of publisher, distributor, etc. Oxford university press,
Date of publication, distribution, etc. 2006.
300 ## - PHYSICAL DESCRIPTION
Extent xii, 248p.:
Dimensions 26cm.
700 ## - ADDED ENTRY--PERSONAL NAME
Personal name Sahu, Bhairabi Prasad,
Relator term
942 ## - ADDED ENTRY ELEMENTS (KOHA)
Koha item type Books
653 ## - INDEX TERM--UNCONTROLLED
Uncontrolled term Sociology
653 ## - INDEX TERM--UNCONTROLLED
Uncontrolled term Social change in early India
Holdings
Withdrawn status Lost status Damaged status Not for loan Home library Current library Shelving location Date acquired Total Checkouts Full call number Barcode Date last seen Copy number Price effective from Koha item type
        Central Library, Naharkatiya College Central Library, Naharkatiya College General Stacks 19/09/2020   303.4 | IRO 17146 19/09/2020 1 19/09/2020 Books

Naharkatiya College © 2020. All rights reserved.

Powered By